• 首页
  • 本馆介绍
  • 公告通知
  • 最新文献
  • 馆藏检索
  • 电子资源
  • 读者导购
  • 参考咨询
  • 我的图书馆
  • 登录
  • 详细信息显示
  • 放入我的书架
  • 预约/预借图书
  • 作者相关作品
  • 分类相关作品
  • 丛书相关作品
  • 出版社相关作品

书目信息

  • 表格格式
  • 工作单格式
  • 卡片格式
题名:
原子能发电
    
 
作者: ;燃料工业出版社 编
分册:  
出版信息: 北京   燃料工业出版社  1955
页数: 67页
开本: 20cm
丛书名:
单 册:
中图分类: TM613
科图分类:
主题词: 发电--各种
电子资源:
ISBN:
000 00531nam0 2200181 450
001 0630321609
005 20060418082741.64
010    @dCNY0.28
100    @a20060418d1955 km y0chiy0120 ea
101 0  @achi
200 1  @a原子能发电@Ayuan zi neng fa dian@f燃料工业出版社编@Fran liao gong ye chu ban she bian
210    @a北京@c燃料工业出版社@d1955
215 1  @a67页@d20cm
606 0  @a发电@x各种
690    @aTM613@v4
711  0 @a燃料工业出版社@Aran liao gong ye chu ban she@4编
801  0 @aCN@bPFT@c20060418
905    @a10447@dTM613@e2
    
    原子能发电/燃料工业出版社编.-北京:燃料工业出版社,1955
    67页;20cm
    
    
    ISBN :CNY0.28
    
●
相关链接 在E读中查询图书 在五车中查询图书 在当当中查询图书 在豆瓣中查询图书


正题名:原子能发电     索取号:TM613/2         预约/预借

序号 登录号 条形码 馆藏地/架位号 状态 备注
1 0018131   202260864   密集书库/ [索取号:TM613/2] 在馆    
唐山师范学院图书馆 欢迎您!
大连网信软件有限公司© 版权所有